Culture Générale - Série 2593 - Statistiques

Statistiques générales
  • Ce quiz a été pris 101 fois
  • Le résultat moyen est 3 sur 10
Statistiques - réponses
Question Réponse % Correct
Quelle rivière arrose Cahors (46) ? Lot
65%
Familièrement, c'est une chaussure - 6 lettres commençant par " t " tatane
55%
Sous quel pseudonyme connaissait-on mieux Iolanda Christina Gigliotti (1933-1987) ? Dalida
50%
Courte blouse de grosse toile, pour les marins et les pêcheurs - 7 lettres commençant par " v " vareuse
49%
Dans quel pays se trouve la ville de Tlemcen ? Algérie
47%
Remède universel ; formule par laquelle on prétend résoudre tous les problèmes - 7 lettres commençant par " p " panacée
31%
Poème narratif ou lyrique, au Moyen Âge - 3 lettres lai
25%
Oiseau rapace diurne de la taille d'un pigeon - Filet de pêche conique, garni de plomb épervier
8%
Quel est le nom courant pour le sulfate d'amphétamine, une substance stimulante ? speed
3%
Quel autre nom porte également le champignon appelé "psalliote" ? agaric
2%
Aucun quiz correspondant
Distribution des résultats
% des personnes avec chaque résultat
Percentile par nombre de réponses
Votre historique - résultats
Vous n’avez pas pris ce quiz